00666cam a2200205 a 45000010008000000030006000080050017000140080041000310100017000720200028000890400018001170500022001350820026001572450083001832600049002663000027003155040051003426500043003937000024004364946732GBCCL20241126110334.0961120s1998 nyu bd 001 0ceng  a 96049922  a0028646045 (alk. paper) aDLCcDLCdDLC00aBV3700b.B56 199800a266.00922aB221bBIO00aBiographical dictionary of Christian missions /cedited by Gerald H. Anderson. aNew York :bMacmillan Reference USA,cc1998. axxvi, 845 p. ;c29 cm. aIncludes bibliographical references and index. 0aMissionariesvBiographyvDictionaries.1 aAnderson, Gerald H.